| 000 | 004090000a22001090004500 | ||
|---|---|---|---|
| 090 |
_aAS _bSeriadas |
||
| 245 | 1 | 0 | _aRelationship of an ensemble of Guatemalan and Mexican frogs (Eleutherodactylus : Leptodactylidae: Amphibia) |
| 041 | 0 | _aInglés | |
| 100 | 1 |
_aLynch , John D. _999820 |
|
| 942 | _cARTICULO | ||
| 773 | 1 |
_tRevista de Academia Colombiana de Ciencias Exactas, Físicas y Naturales _h90 _q129-156 _d2000 _g24 |
|
| 999 |
_c15558 _d15558 |
||